Five Nights at Freddy's 2 Characters - Statistics

General Stats
  • This quiz has been taken 38 times
  • The average score is 15 of 18
Answer Stats
Hint Answer % Correct
Animatronic guitarist Toy Bonnie
100%
Animatronic backup singer Toy Chica
100%
Animatronic mascot Toy Freddy
100%
Steals your batteries Balloon Boy
96%
Resides in Kid's Cove Mangle
96%
Prize corner Marionette / Puppet
93%
No face Withered Bonnie
89%
Lost her arms Withered Chica
89%
Can only be shooed away by the light Withered Foxy
85%
Old animatronic WIthered Freddy
81%
Easter egg JJ
74%
Helper Phone Guy
74%
Security guard Jeremy Fitzgerald
70%
Easter egg RWQFSFASXC
70%
Easter egg Shadow Freddy
70%
Backup singer's companion Toy Cupcake
63%
Hallucination Withered Golden Freddy
63%
Custom night guard Fritz Smith
41%
No matching quizzes found
Score Distribution
Percent of People with Each Score
Percentile by Number Answered
Your Score History
You have not taken this quiz